[Event "2017 O2C Doeberl Cup"]
[Site "Canberra Australia"]
[Date "2017.04.13"]
[Round "2.4"]
[White "Smirnov, Anton"]
[Black "Choong, Yita"]
[Result "1-0"]
[LiveChessVersion "1.4.4"]
[BlackElo "2232"]
[WhiteElo "2511"]

1. e4 {[%clk 1:30:24]} c5 {[%clk 1:30:37]} 2. Nf3 {[%clk 1:29:37]} d6
{[%clk 1:30:58]} 3. d4 {[%clk 1:30:02]} cxd4 {[%clk 1:31:23]} 4. Nxd4
{[%clk 1:30:27]} Nf6 {[%clk 1:31:45]} 5. Nc3 {[%clk 1:30:53]} a6 {[%clk 1:32:09]}
6. Be2 {[%clk 1:29:40]} e5 {[%clk 1:32:32]} 7. Nb3 {[%clk 1:30:06]} Be7
{[%clk 1:32:53]} 8. O-O {[%clk 1:30:30]} O-O {[%clk 1:33:18]} 9. Re1
{[%clk 1:28:30]} Be6 {[%clk 1:29:22]} 10. Bf3 {[%clk 1:27:59]} Nbd7
{[%clk 1:27:22]} 11. a4 {[%clk 1:24:05]} Rc8 {[%clk 1:27:08]} 12. a5
{[%clk 1:24:07]} Nc5 {[%clk 1:21:39]} 13. Nd2 {[%clk 1:23:14]} d5
{[%clk 1:05:13]} 14. exd5 {[%clk 1:21:48]} Nxd5 {[%clk 1:05:31]} 15. Nxd5
{[%clk 1:09:31]} Bxd5 {[%clk 1:05:43]} 16. Rxe5 {[%clk 1:09:44]} Bxf3
{[%clk 1:06:03]} 17. Qxf3 {[%clk 1:10:08]} Bf6 {[%clk 0:57:01]} 18. Rd5
{[%clk 1:03:12]} Qe7 {[%clk 0:54:40]} 19. Nf1 {[%clk 1:03:02]} Rfd8
{[%clk 0:48:04]} 20. c4 {[%clk 0:55:51]} Rxd5 {[%clk 0:43:07]} 21. cxd5
{[%clk 0:55:44]} Qe1 {[%clk 0:41:51]} 22. Qa3 {[%clk 0:45:02]} Qe4
{[%clk 0:30:32]} 23. Be3 {[%clk 0:43:28]} Nd3 {[%clk 0:29:18]} 24. Qb3
{[%clk 0:42:39]} Rd8 {[%clk 0:09:58]} 25. Qxb7 {[%clk 0:40:47]} Qxd5
{[%clk 0:10:18]} 26. Qxa6 {[%clk 0:36:47]} Nxb2 {[%clk 0:09:08]} 27. Bb6
{[%clk 0:34:45]} Ra8 {[%clk 0:04:25]} 28. Qe2 {[%clk 0:35:04]} Qc6
{[%clk 0:02:58]} 29. Re1 {[%clk 0:24:42]} Na4 {[%clk 0:01:26]} 30. Qe4
{[%clk 0:24:52]} Qxe4 {[%clk 0:00:54]} 31. Rxe4 {[%clk 0:25:20]} Nxb6
{[%clk 0:01:09]} 32. axb6 {[%clk 0:25:48]} Rb8 {[%clk 0:01:24]} 33. Ne3
{[%clk 0:14:33]} Kf8 {[%clk 0:01:51]} 34. Rb4 {[%clk 0:14:01]} Ke8
{[%clk 0:01:40]} 35. Nc4 {[%clk 0:12:32]} Kd7 {[%clk 0:01:27]} 36. b7
{[%clk 0:11:32]} Kc7 {[%clk 0:01:00]} 37. Na5 {[%clk 0:11:42]} Bc3
{[%clk 0:00:38]} 38. Rc4+ {[%clk 0:11:55]} Kb6 {[%clk 0:01:04]} 39. Nc6
{[%clk 0:11:48]} Rxb7 {[%clk 0:01:29]} 40. Rxc3 {[%clk 0:12:12]} Rc7
{[%clk 0:01:50]} 41. Nb4 {[%clk 0:12:38]} 1-0

[Event "2017 O2C Doeberl Cup"]
[Site "Canberra Australia"]
[Date "2017.04.13"]
[Round "2.5"]
[White "Peng, Shunkai"]
[Black "Ly, Moulthun"]
[Result "0-1"]
[LiveChessVersion "1.4.4"]
[BlackElo "2486"]
[WhiteElo "2206"]

1. e4 {[%clk 1:29:33]} e5 {[%clk 1:30:17]} 2. Nf3 {[%clk 1:29:40]} Nc6
{[%clk 1:30:43]} 3. Bc4 {[%clk 1:25:27]} Bc5 {[%clk 1:31:00]} 4. c3
{[%clk 1:24:56]} Nf6 {[%clk 1:31:22]} 5. d3 {[%clk 1:19:41]} O-O {[%clk 1:29:54]}
6. O-O {[%clk 1:19:52]} d5 {[%clk 1:28:34]} 7. exd5 {[%clk 1:18:51]} Nxd5
{[%clk 1:28:57]} 8. Re1 {[%clk 1:19:04]} Bg4 {[%clk 1:23:41]} 9. h3
{[%clk 1:16:34]} Bh5 {[%clk 1:23:58]} 10. Nbd2 {[%clk 1:16:30]} Nb6
{[%clk 1:22:44]} 11. Bb5 {[%clk 1:12:17]} Bd6 {[%clk 1:22:56]} 12. Ne4
{[%clk 1:08:52]} f5 {[%clk 1:17:21]} 13. Ng3 {[%clk 0:47:35]} Bxf3
{[%clk 1:16:55]} 14. Qxf3 {[%clk 0:46:44]} Qd7 {[%clk 1:16:40]} 15. Nf1
{[%clk 0:29:20]} Rae8 {[%clk 1:14:19]} 16. Qd1 {[%clk 0:18:16]} a6
{[%clk 1:13:32]} 17. Bxc6 {[%clk 0:17:42]} Qxc6 {[%clk 1:13:54]} 18. a4
{[%clk 0:17:10]} Kh8 {[%clk 1:13:31]} 19. a5 {[%clk 0:16:30]} Nd7
{[%clk 1:13:36]} 20. Ra4 {[%clk 0:10:25]} e4 {[%clk 1:10:33]} 21. dxe4
{[%clk 0:09:33]} Nc5 {[%clk 1:10:32]} 22. Rc4 {[%clk 0:05:43]} Qb5
{[%clk 1:10:51]} 23. Rd4 {[%clk 0:05:22]} fxe4 {[%clk 1:08:12]} 24. Rd5
{[%clk 0:05:09]} Qc6 {[%clk 1:07:26]} 25. Be3 {[%clk 0:01:23]} Nd3
{[%clk 1:03:41]} 26. Rxd3 {[%clk 0:01:45]} exd3 {[%clk 1:03:54]} 27. Qxd3
{[%clk 0:02:09]} Re6 {[%clk 1:03:14]} 28. Rd1 {[%clk 0:01:12]} Rfe8
{[%clk 0:57:40]} 29. b4 {[%clk 0:00:49]} Rg6 {[%clk 0:56:36]} 30. g3
{[%clk 0:01:08]} Rf8 {[%clk 0:55:07]} 31. Bd4 {[%clk 0:00:43]} Re6
{[%clk 0:53:17]} 32. Qd2 {[%clk 0:00:51]} Rfe8 {[%clk 0:50:42]} 33. Rc1
{[%clk 0:00:40]} Qf3 {[%clk 0:50:13]} 34. Nh2 {[%clk 0:00:41]} Qf5
{[%clk 0:48:29]} 0-1

[Event "2017 O2C Doeberl Cup"]
[Site "Canberra Australia"]
[Date "2017.04.13"]
[Round "2.6"]
[White "Morris, James"]
[Black "Chan, Luis"]
[Result "1-0"]
[LiveChessVersion "1.4.4"]
[BlackElo "2169"]
[WhiteElo "2459"]

1. c4 {[%clk 1:30:09]} e5 {[%clk 1:30:54]} 2. g3 {[%clk 1:30:36]} Nf6
{[%clk 1:31:13]} 3. Bg2 {[%clk 1:31:02]} c6 {[%clk 1:31:35]} 4. Nf3
{[%clk 1:31:28]} e4 {[%clk 1:30:51]} 5. Nd4 {[%clk 1:31:54]} d5 {[%clk 1:30:27]}
6. cxd5 {[%clk 1:32:18]} cxd5 {[%clk 1:30:51]} 7. O-O {[%clk 1:32:41]} Qb6
{[%clk 1:22:06]} 8. Nb3 {[%clk 1:29:18]} Bb4 9. d3 {[%clk 1:29:22]} O-O
{[%clk 1:11:40]} 10. Be3 {[%clk 1:28:10]} Qc7 {[%clk 1:05:38]} 11. Bd4
{[%clk 1:24:10]} Qe7 {[%clk 1:01:57]} 12. Nc3 {[%clk 1:24:26]} Nbd7
{[%clk 1:01:30]} 13. a3 {[%clk 1:18:06]} Bd6 {[%clk 1:01:35]} 14. dxe4 dxe4
{[%clk 1:01:15]} 15. Nd2 {[%clk 1:18:03]} Be5 {[%clk 0:56:09]} 16. Ndxe4
{[%clk 1:17:55]} Rd8 {[%clk 0:55:18]} 17. Qa4 {[%clk 1:15:41]} Nxe4
{[%clk 0:53:31]} 18. Nxe4 {[%clk 1:15:39]} Bxd4 {[%clk 0:53:32]} 19. Qxd4
{[%clk 1:16:05]} Nb6 {[%clk 0:53:28]} 20. Qc5 {[%clk 1:14:54]} Kf8
{[%clk 0:52:31]} 21. Rac1 {[%clk 1:12:45]} Qxc5 {[%clk 0:51:03]} 22. Nxc5
{[%clk 1:11:40]} Rd2 {[%clk 0:51:13]} 23. Nxb7 {[%clk 1:11:02]} Bxb7
{[%clk 0:49:47]} 24. Bxb7 {[%clk 1:11:26]} Rad8 {[%clk 0:49:39]} 25. Bf3
{[%clk 1:08:01]} Rxb2 {[%clk 0:49:57]} 26. Rc7 {[%clk 1:08:15]} a5
{[%clk 0:48:45]} 27. Rfc1 {[%clk 1:05:34]} Rb3 {[%clk 0:46:28]} 28. Ra7
{[%clk 1:03:59]} Rxa3 {[%clk 0:41:43]} 29. Rcc7 {[%clk 1:04:10]} Ra1+
{[%clk 0:40:06]} 30. Kg2 {[%clk 1:04:33]} a4 {[%clk 0:39:50]} 31. Rcb7
{[%clk 1:04:14]} 1-0

[Event "2017 O2C Doeberl Cup"]
[Site "Canberra Australia"]
[Date "2017.04.13"]
[Round "2.7"]
[White "Mcnamara, Gary"]
[Black "Sukandar, Irine Kharisma"]
[Result "1/2-1/2"]
[LiveChessVersion "1.4.4"]
[BlackElo "2419"]
[WhiteElo "2131"]

1. e4 {[%clk 1:30:49]} c5 {[%clk 1:29:15]} 2. Nf3 {[%clk 1:30:59]} Nc6
{[%clk 1:29:32]} 3. Bb5 {[%clk 1:30:34]} e6 {[%clk 1:26:48]} 4. Bxc6
{[%clk 1:28:23]} bxc6 {[%clk 1:25:41]} 5. d3 {[%clk 1:27:06]} d6 {[%clk 1:24:00]}
6. e5 {[%clk 1:24:58]} dxe5 {[%clk 1:18:48]} 7. Nxe5 {[%clk 1:24:51]} Qd5
{[%clk 1:18:56]} 8. Nf3 {[%clk 1:24:33]} Nf6 {[%clk 1:19:13]} 9. Nc3
{[%clk 1:23:11]} Qh5 {[%clk 1:18:58]} 10. Ne2 {[%clk 1:18:44]} Bd6
{[%clk 1:16:55]} 11. h3 {[%clk 1:15:32]} h6 {[%clk 1:07:16]} 12. Nf4
{[%clk 1:11:10]} Qf5 {[%clk 1:00:35]} 13. g4 {[%clk 1:07:41]} Qh7
{[%clk 1:00:33]} 14. Qe2 {[%clk 0:59:44]} O-O {[%clk 0:53:41]} 15. Ng2
{[%clk 0:52:32]} Nd5 {[%clk 0:52:38]} 16. a3 {[%clk 0:45:45]} e5 {[%clk 0:49:50]}
17. Bd2 {[%clk 0:38:14]} f5 {[%clk 0:48:29]} 18. Nfh4 {[%clk 0:33:40]} e4
{[%clk 0:30:22]} 19. gxf5 {[%clk 0:28:08]} exd3 {[%clk 0:29:59]} 20. Qxd3
{[%clk 0:26:33]} Bxf5 {[%clk 0:29:21]} 21. Nxf5 {[%clk 0:25:04]} Qxf5
{[%clk 0:29:30]} 22. Qxf5 {[%clk 0:24:30]} Rae8+ {[%clk 0:29:29]} 23. Kf1
{[%clk 0:17:35]} Rxf5 {[%clk 0:29:54]} 24. Re1 {[%clk 0:17:26]} Ref8
{[%clk 0:29:20]} 25. Re2 {[%clk 0:16:58]} c4 {[%clk 0:28:27]} 26. Ne3
{[%clk 0:16:14]} Nxe3+ {[%clk 0:28:03]} 27. Bxe3 {[%clk 0:16:33]} a5
{[%clk 0:26:58]} 28. c3 {[%clk 0:13:41]} Rd5 {[%clk 0:26:44]} 29. Rg1
{[%clk 0:13:22]} Bf4 {[%clk 0:15:01]} 30. Rg4 {[%clk 0:10:55]} Bxe3
{[%clk 0:09:17]} 31. Rxe3 {[%clk 0:11:15]} Rd1+ {[%clk 0:09:32]} 32. Re1
{[%clk 0:11:33]} Rd3 {[%clk 0:09:13]} 33. Re7 {[%clk 0:09:19]} g5
{[%clk 0:09:17]} 34. h4 {[%clk 0:09:02]} Rd2 {[%clk 0:04:17]} 35. Re2
{[%clk 0:09:13]} Rxe2 {[%clk 0:04:14]} 36. Kxe2 {[%clk 0:09:35]} Rb8
{[%clk 0:04:37]} 37. hxg5 {[%clk 0:09:06]} Rxb2+ {[%clk 0:04:46]} 38. Ke3
{[%clk 0:09:09]} hxg5 {[%clk 0:02:48]} 39. f4 {[%clk 0:03:53]} Rb3
{[%clk 0:02:39]} 40. Kd4 {[%clk 0:04:06]} Rxa3 {[%clk 0:02:51]} 41. Rxg5+
{[%clk 0:01:31]} Kf7 {[%clk 0:03:15]} 42. Rc5 {[%clk 0:29:33]} Ke6
{[%clk 0:31:48]} 43. Rxc6+ {[%clk 0:28:24]} Kf5 {[%clk 0:32:12]} 44. Rc8
{[%clk 0:28:29]} Kxf4 {[%clk 0:29:38]} 45. Rf8+ {[%clk 0:28:46]} Kg5
{[%clk 0:30:05]} 46. Kxc4 {[%clk 0:29:00]} Ra1 {[%clk 0:30:30]} 47. Kb3
{[%clk 0:21:59]} Rb1+ {[%clk 0:29:38]} 48. Kc2 {[%clk 0:20:50]} Rb5
{[%clk 0:29:17]} 49. Kd3 {[%clk 0:12:52]} Rf5 {[%clk 0:27:37]} 50. Rb8
{[%clk 0:10:52]} Kf6 {[%clk 0:27:31]} 51. Kc4 {[%clk 0:10:38]} Ke7
{[%clk 0:27:36]} 52. Rb5 {[%clk 0:09:24]} Rxb5 {[%clk 0:25:04]} 53. Kxb5
{[%clk 0:09:43]} Kd6 {[%clk 0:25:30]} 54. c4 {[%clk 0:09:59]} a4 {[%clk 0:25:48]}
55. Kxa4 {[%clk 0:09:47]} Ke5 1/2-1/2

[Event "2017 O2C Doeberl Cup"]
[Site "Canberra Australia"]
[Date "2017.04.13"]
[Round "2.8"]
[White "Ikeda, Junta"]
[Black "Zulfic, Fedja"]
[Result "1-0"]
[LiveChessVersion "1.4.4"]
[BlackElo "2118"]
[WhiteElo "2394"]

1. Nf3 d5 2. g3 Nf6 3. Bg2 g6 4. c4 Bg7 5. cxd5 Nxd5 6. Nc3 Nb6 7. O-O Nc6 8. d3
O-O 9. Be3 Re8 10. Qd2 e5 11. Bg5 f6 12. Bh6 Bh8 13. Rfc1 Be6 14. Ne4 Nd7 15. Rc2
a5 16. Rcc1 Qe7 17. Nc3 Nb6 18. Ne4 Nd7 19. Qd1 Rad8 20. h4 Ra8 21. Nfd2 Red8 22.
Nb3 Bd5 23. Nbc5 b6 24. Nb7 Rdb8 25. Ng5 Nb4 26. Bxd5+ Nxd5 27. Qb3 fxg5 28.
Qxd5+ Qf7 29. Qxf7+ Kxf7 30. Rxc7 Ke6 31. Rc6+ Kd5 1-0

[Event "2017 O2C Doeberl Cup"]
[Site "Canberra Australia"]
[Date "2017.04.14"]
[Round "3.1"]
[White "Bjelobrk, Igor"]
[Black "Ganguly, Surya Shekhar"]
[Result "0-1"]
[LiveChessVersion "1.4.4"]
[BlackElo "2640"]
[WhiteElo "2391"]

1. d4 {[%clk 1:30:56]} e6 {[%clk 1:30:04]} 2. Nf3 {[%clk 1:30:40]} Nf6
{[%clk 1:30:18]} 3. g3 {[%clk 1:30:55]} c5 {[%clk 1:30:29]} 4. Bg2
{[%clk 1:31:04]} cxd4 {[%clk 1:29:59]} 5. Nxd4 {[%clk 1:31:08]} d5
{[%clk 1:30:23]} 6. O-O {[%clk 1:30:54]} e5 {[%clk 1:30:40]} 7. Nb3
{[%clk 1:30:53]} Be6 {[%clk 1:30:36]} 8. Nc3 {[%clk 1:21:29]} Be7
{[%clk 1:28:45]} 9. f4 {[%clk 1:20:41]} exf4 {[%clk 1:26:30]} 10. Bxf4
{[%clk 1:09:07]} Nc6 {[%clk 1:23:47]} 11. Qd2 {[%clk 1:06:33]} Qd7
{[%clk 1:16:57]} 12. Rad1 {[%clk 1:05:14]} Rd8 {[%clk 1:17:16]} 13. Bg5
{[%clk 0:54:54]} O-O {[%clk 1:14:15]} 14. Qc1 {[%clk 0:45:16]} Qc8
{[%clk 1:03:09]} 15. Kh1 {[%clk 0:24:30]} Rfe8 {[%clk 1:01:22]} 16. a3
{[%clk 0:20:03]} Bh3 {[%clk 0:59:10]} 17. Qf4 {[%clk 0:18:05]} Qe6
{[%clk 0:51:40]} 18. Nd4 {[%clk 0:16:31]} Nxd4 {[%clk 0:50:09]} 19. Qxd4
{[%clk 0:16:54]} Bxg2+ {[%clk 0:47:36]} 20. Kxg2 {[%clk 0:17:20]} Ng4
{[%clk 0:47:46]} 21. h3 {[%clk 0:14:32]} Bxg5 {[%clk 0:42:42]} 22. Qxg4
{[%clk 0:14:58]} Qxg4 {[%clk 0:42:44]} 23. hxg4 {[%clk 0:15:26]} d4
{[%clk 0:42:53]} 24. Nb5 {[%clk 0:15:51]} Rxe2+ {[%clk 0:29:25]} 25. Rf2
{[%clk 0:16:18]} Rxf2+ {[%clk 0:29:01]} 26. Kxf2 {[%clk 0:16:45]} Be3+
{[%clk 0:28:34]} 27. Kf3 {[%clk 0:17:13]} a6 {[%clk 0:24:38]} 28. Nc3
{[%clk 0:17:39]} Bg5 {[%clk 0:24:35]} 29. Ne2 {[%clk 0:14:49]} Bf6
{[%clk 0:24:58]} 30. Rd3 {[%clk 0:12:44]} g6 {[%clk 0:21:18]} 31. a4
{[%clk 0:12:15]} Rc8 {[%clk 0:20:13]} 32. Nxd4 {[%clk 0:12:31]} Rc4
{[%clk 0:20:34]} 33. c3 {[%clk 0:10:56]} Rxa4 {[%clk 0:19:36]} 34. b3
{[%clk 0:10:19]} Ra5 {[%clk 0:17:44]} 35. Nc2 {[%clk 0:09:49]} Kg7
{[%clk 0:14:59]} 36. c4 {[%clk 0:09:55]} Rc5 {[%clk 0:09:58]} 37. Ne3
{[%clk 0:09:01]} b5 {[%clk 0:09:44]} 38. cxb5 {[%clk 0:05:06]} Rxb5
{[%clk 0:09:33]} 39. Nd5 {[%clk 0:05:03]} Be5 {[%clk 0:08:28]} 40. Ke4
{[%clk 0:05:15]} Bd6 {[%clk 0:07:42]} 41. Kf3 {[%clk 0:04:59]} a5
{[%clk 0:04:51]} 42. Ke4 {[%clk 0:05:20]} Bb8 {[%clk 0:02:06]} 43. Kf3
{[%clk 0:05:14]} Kh6 {[%clk 0:02:19]} 44. Nf6 {[%clk 0:04:14]} Be5
{[%clk 0:02:40]} 45. Nd5 {[%clk 0:04:25]} f6 {[%clk 0:28:52]} 46. Ne3
{[%clk 0:33:08]} Kg5 {[%clk 0:28:59]} 47. Nd5 {[%clk 0:28:38]} Rb7
{[%clk 0:26:31]} 48. Ne3 {[%clk 0:28:05]} Rb4 {[%clk 0:26:00]} 49. Kg2
{[%clk 0:28:00]} Rd4 {[%clk 0:23:39]} 50. Rxd4 {[%clk 0:27:36]} Bxd4
{[%clk 0:24:03]} 51. Nc2 {[%clk 0:27:25]} Bc5 {[%clk 0:24:28]} 52. Kf3
{[%clk 0:27:35]} f5 {[%clk 0:24:53]} 53. gxf5 {[%clk 0:27:55]} Kxf5
{[%clk 0:25:18]} 0-1

[Event "2017 O2C Doeberl Cup"]
[Site "Canberra Australia"]
[Date "2017.04.14"]
[Round "3.2"]
[White "Krasenkow, Michal"]
[Black "Ikeda, Junta"]
[Result "1-0"]
[LiveChessVersion "1.4.4"]
[BlackElo "2394"]
[WhiteElo "2620"]

1. Nf3 {[%clk 1:30:57]} c5 {[%clk 1:30:32]} 2. c4 {[%clk 1:31:22]} Nc6
{[%clk 1:30:53]} 3. d4 {[%clk 1:30:52]} cxd4 {[%clk 1:31:17]} 4. Nxd4
{[%clk 1:31:21]} Nf6 {[%clk 1:31:33]} 5. Nc3 {[%clk 1:25:40]} e6 {[%clk 1:31:26]}
6. e3 {[%clk 1:25:10]} Bb4 {[%clk 1:24:08]} 7. Bd2 {[%clk 1:25:04]} O-O
{[%clk 1:23:25]} 8. Be2 {[%clk 1:20:29]} d5 {[%clk 1:19:50]} 9. cxd5
{[%clk 1:16:06]} exd5 {[%clk 1:18:38]} 10. O-O {[%clk 1:12:20]} Re8
{[%clk 1:12:13]} 11. Rc1 {[%clk 1:09:32]} Bd6 {[%clk 1:04:12]} 12. Ncb5
{[%clk 1:04:56]} Nxd4 {[%clk 0:48:41]} 13. Nxd4 {[%clk 1:04:50]} Ne4
{[%clk 0:37:38]} 14. Be1 {[%clk 1:01:47]} Qh4 {[%clk 0:30:12]} 15. f4
{[%clk 1:00:38]} Qe7 {[%clk 0:26:02]} 16. Kh1 {[%clk 0:58:11]} a6
{[%clk 0:19:07]} 17. Bf3 {[%clk 0:49:14]} Nf6 {[%clk 0:14:54]} 18. Bh4
{[%clk 0:48:03]} Qxe3 {[%clk 0:05:02]} 19. Bxf6 {[%clk 0:48:24]} gxf6
{[%clk 0:03:33]} 20. Bxd5 {[%clk 0:48:30]} Kh8 {[%clk 0:00:54]} 21. Bxf7
{[%clk 0:35:58]} Rd8 {[%clk 0:00:38]} 22. Rc3 {[%clk 0:21:38]} Qe7
{[%clk 0:00:43]} 23. Bb3 {[%clk 0:21:45]} Bc5 {[%clk 0:00:40]} 24. Rd3
{[%clk 0:22:02]} Qd6 {[%clk 0:00:52]} 25. Nc6 {[%clk 0:19:14]} Qxd3
{[%clk 0:01:05]} 26. Nxd8 {[%clk 0:19:38]} Qxd1 {[%clk 0:00:39]} 27. Rxd1
{[%clk 0:20:06]} Bg4 {[%clk 0:00:39]} 28. Rd3 {[%clk 0:19:31]} b5
{[%clk 0:00:37]} 29. h3 {[%clk 0:18:57]} Be2 {[%clk 0:00:37]} 30. Nf7+
{[%clk 0:14:48]} Kg7 {[%clk 0:00:58]} 31. Rg3+ {[%clk 0:15:12]} Kf8
{[%clk 0:01:24]} 32. Ne5 {[%clk 0:12:31]} Ke8 {[%clk 0:01:44]} 33. Bf7+
{[%clk 0:12:10]} Ke7 {[%clk 0:01:43]} 34. Bd5 {[%clk 0:12:34]} Ra7
{[%clk 0:00:37]} 35. Nc6+ {[%clk 0:12:30]} Kd6 {[%clk 0:01:03]} 36. Nxa7
{[%clk 0:12:54]} Kxd5 {[%clk 0:01:30]} 37. Rg7 {[%clk 0:13:03]} h5
{[%clk 0:01:29]} 38. g4 {[%clk 0:11:10]} hxg4 {[%clk 0:01:00]} 39. hxg4
{[%clk 0:11:34]} Ke4 {[%clk 0:01:11]} 40. g5 {[%clk 0:10:35]} fxg5
{[%clk 0:00:34]} 41. fxg5 {[%clk 0:10:57]} Kf4 {[%clk 0:22:59]} 42. Kg2
{[%clk 0:39:11]} Bd4 {[%clk 0:13:41]} 43. Rd7 {[%clk 0:38:53]} Bf3+
{[%clk 0:04:56]} 44. Kf1 {[%clk 0:39:10]} Bxb2 {[%clk 0:03:21]} 45. g6
{[%clk 0:39:10]} Be4 {[%clk 0:01:46]} 46. g7 {[%clk 0:39:09]} Bh7
{[%clk 0:02:12]} 47. Rd8 {[%clk 0:37:59]} Bxg7 {[%clk 0:02:29]} 48. Rd7
{[%clk 0:38:28]} Bg8 {[%clk 0:02:37]} 49. Rxg7 {[%clk 0:38:51]} Bxa2
{[%clk 0:03:04]} 50. Ke1 {[%clk 0:37:41]} 1-0

[Event "2017 O2C Doeberl Cup"]
[Site "Canberra Australia"]
[Date "2017.04.14"]
[Round "3.3"]
[White "Tao, Trevor"]
[Black "Smirnov, Anton"]
[Result "0-1"]
[LiveChessVersion "1.4.4"]
[BlackElo "2511"]
[WhiteElo "2381"]

1. e4 {[%clk 1:30:57]} c5 {[%clk 1:30:47]} 2. Nf3 {[%clk 1:31:21]} d6
{[%clk 1:31:12]} 3. Bb5+ {[%clk 1:31:45]} Bd7 {[%clk 1:31:37]} 4. Bxd7+
{[%clk 1:32:09]} Qxd7 {[%clk 1:32:03]} 5. O-O {[%clk 1:32:29]} Nf6
{[%clk 1:32:23]} 6. Re1 {[%clk 1:32:02]} Nc6 {[%clk 1:32:36]} 7. d4
{[%clk 1:30:34]} cxd4 {[%clk 1:30:01]} 8. Nxd4 {[%clk 1:30:59]} g6
{[%clk 1:23:46]} 9. f3 {[%clk 1:23:55]} Nxd4 {[%clk 1:18:27]} 10. Qxd4
{[%clk 1:24:20]} Bg7 {[%clk 1:18:51]} 11. Qd3 {[%clk 1:23:48]} Qc6
{[%clk 1:19:03]} 12. Be3 {[%clk 1:15:40]} Nd7 {[%clk 1:15:51]} 13. Bd4
{[%clk 1:15:55]} Ne5 {[%clk 1:15:09]} 14. Qd1 {[%clk 1:15:58]} O-O
{[%clk 1:15:20]} 15. Nc3 {[%clk 1:14:59]} e6 {[%clk 1:12:30]} 16. a4
{[%clk 1:10:11]} a6 {[%clk 1:08:24]} 17. f4 {[%clk 1:07:05]} Rfd8
{[%clk 0:57:10]} 18. a5 {[%clk 1:05:49]} Rac8 {[%clk 0:54:12]} 19. f5
{[%clk 0:50:23]} Nd7 {[%clk 0:44:19]} 20. Bxg7 {[%clk 0:48:32]} Kxg7
{[%clk 0:44:39]} 21. Rf1 {[%clk 0:47:48]} Qc5+ {[%clk 0:43:41]} 22. Kh1
{[%clk 0:48:12]} Qe5 {[%clk 0:42:39]} 23. Ra4 {[%clk 0:44:53]} Nf6
{[%clk 0:42:14]} 24. Qf3 {[%clk 0:43:01]} h5 {[%clk 0:38:05]} 25. g3
{[%clk 0:39:46]} Rd7 {[%clk 0:36:44]} 26. Kg2 {[%clk 0:38:13]} Rdc7
{[%clk 0:36:20]} 27. Rb4 {[%clk 0:36:41]} Ng4 {[%clk 0:30:57]} 28. Rb3
{[%clk 0:29:21]} exf5 {[%clk 0:29:08]} 29. Kh1 {[%clk 0:28:55]} fxe4
{[%clk 0:28:30]} 30. Nxe4 {[%clk 0:29:21]} d5 {[%clk 0:23:33]} 31. Nf2
{[%clk 0:29:14]} Nxf2+ {[%clk 0:22:59]} 32. Rxf2 {[%clk 0:29:40]} Qe4
{[%clk 0:22:51]} 33. c3 {[%clk 0:29:38]} Re7 {[%clk 0:21:43]} 34. Rb4
{[%clk 0:29:43]} Qxf3+ 35. Rxf3 {[%clk 0:30:09]} Rc5 {[%clk 0:22:24]} 36. Rf2
{[%clk 0:29:30]} Rxa5 {[%clk 0:22:39]} 37. Rb6 {[%clk 0:29:23]} Rd7
{[%clk 0:22:31]} 38. Kg2 {[%clk 0:28:28]} Ra4 {[%clk 0:19:48]} 39. Rff6
{[%clk 0:23:23]} d4 {[%clk 0:19:48]} 40. Rf4 {[%clk 0:23:50]} Rc4
{[%clk 0:19:40]} 41. Rxd4 {[%clk 0:23:50]} Rcxd4 {[%clk 0:18:19]} 42. cxd4
{[%clk 0:24:14]} g5 {[%clk 0:17:41]} 43. Kf3 {[%clk 0:23:08]} Rxd4
{[%clk 0:16:50]} 44. Rxb7 {[%clk 0:23:32]} Rd3+ {[%clk 0:17:01]} 45. Kg2
{[%clk 0:17:05]} Rd2+ {[%clk 0:17:10]} 46. Kg1 {[%clk 0:17:29]} Kg6
{[%clk 0:06:31]} 47. h4 {[%clk 0:17:45]} gxh4 {[%clk 0:01:38]} 48. gxh4
{[%clk 0:18:11]} f6 {[%clk 0:30:07]} 49. Rb6 {[%clk 0:43:38]} Kf5
{[%clk 0:29:26]} 50. b3 {[%clk 0:42:47]} a5 {[%clk 0:21:23]} 51. Rb5+
{[%clk 0:35:01]} Kg4 {[%clk 0:21:47]} 52. Rxa5 {[%clk 0:35:28]} f5
{[%clk 0:22:11]} 53. b4 {[%clk 0:35:40]} Rb2 {[%clk 0:21:51]} 54. Ra8
{[%clk 0:34:45]} f4 {[%clk 0:17:32]} 55. Rb8 {[%clk 0:34:23]} Kg3
{[%clk 0:17:19]} 56. Rg8+ {[%clk 0:34:48]} Kxh4 {[%clk 0:17:36]} 57. b5
{[%clk 0:35:02]} Rxb5 {[%clk 0:17:37]} 58. Kf2 {[%clk 0:35:27]} Rg5
{[%clk 0:17:59]} 59. Rf8 {[%clk 0:35:31]} Kg4 {[%clk 0:18:13]} 60. Rh8
{[%clk 0:35:29]} Rg7 {[%clk 0:18:09]} 61. Rf8 {[%clk 0:35:25]} h4
{[%clk 0:17:10]} 62. Ra8 {[%clk 0:35:30]} h3 {[%clk 0:17:07]} 63. Rh8
{[%clk 0:35:55]} Rg6 {[%clk 0:17:13]} 64. Ra8 {[%clk 0:35:30]} Rg5
{[%clk 0:12:22]} 65. Rb8 {[%clk 0:34:10]} Rh5 {[%clk 0:12:38]} 66. Rg8+
{[%clk 0:34:32]} Kf5 {[%clk 0:13:05]} 67. Rf8+ {[%clk 0:34:49]} Kg5
{[%clk 0:13:31]} 68. Kg1 {[%clk 0:34:35]} Kg4 {[%clk 0:13:24]} 69. Ra8
{[%clk 0:34:43]} f3 {[%clk 0:11:40]} 70. Kh2 {[%clk 0:35:07]} Rf5
{[%clk 0:12:05]} 71. Rg8+ {[%clk 0:35:15]} Kf4 {[%clk 0:12:29]} 72. Kg1
{[%clk 0:34:50]} Rg5+ {[%clk 0:12:54]} 0-1